000
00221nam a2200085Ia 4500
008
170617s9999 xx 000 0 und d
100
_a
Aggarwal-O.P
245
0
_a
Organic Chemistry Natural Products
260
_b
Krishna Prakashan Meerut
260
_c
2016
999
_c
15630
_d
15630